Model starostlivosti o seba a negatívnych dôsledkov v pomáhajúcich profesiách

Bibliographic Details
Main Author: Mesárošová, Margita, 1956- (Author)
Format: Article
Language:Slovak
PhysicalDescription:Obrázky, tabuľky
ISBN:9788081526060
Subjects:
Online Access://www.unibook.upjs.sk/img/cms/2018/ff/pomahajuce-profesie-web.pdf

MARC

LEADER 00000nab a2200000 4500
001 vtls012140464
003 SK-MaSNL
005 20260304172241.0
008 220622|2018 xo |||| ||an ||00 0|slo
015 |a SNBRB2022/06 
040 |a SPKCL  |b slo  |e rda 
041 |a slo  |b slo  |b eng 
044 |a xo  |c SK 
072 7 |a 613  |x Hygiena. Ľudské zdravie  |2 konspekt 
072 7 |a 364  |x Sociálne problémy vyžadujúce podporu a pomoc. Sociálne zabezpečenie  |2 konspekt 
080 |a 613.86:364  |2 2011 
100 1 |a Mesárošová, Margita,  |d 1956-  |4 aut  |9 209877 
245 1 0 |a Model starostlivosti o seba a negatívnych dôsledkov v pomáhajúcich profesiách  |c Margita Mesárošová 
246 1 0 |a Model of self-care and the negative consequences in helping professions 
300 |b Obrázky, tabuľky 
336 |a text  |b txt  |2 rdacontent 
337 |a bez média  |b n  |2 rdamedia 
338 |a zväzok  |b nc  |2 rdacarrier 
504 |a Obsahuje bibliografiu 
546 |a Anglické a slovenské resumé 
546 |a Súbežný názov v angličtine 
650 0 7 |a starostlivosť o zdravie  |2 SNKPH  |9 1302 
650 0 7 |a sociálni pracovníci  |2 SNKPH  |9 68206 
650 0 7 |a syndróm vyhorenia  |2 SNKPH  |9 4056 
650 0 7 |a výskum  |2 SNKPH  |9 4238 
650 0 7 |a stres  |2 SNKPH  |9 14472 
655 7 |a BZB  |2 SNKPH  |9 1080216 
773 0 |t Pomáhajúce profesie a starostlivosť o seba z pohľadu psychológie a sociálnej práce  |d Košice : Katedra psychológie FF UPJŠ 2018  |g S. 10-19  |z 9788081526060 
856 4 1 |u //www.unibook.upjs.sk/img/cms/2018/ff/pomahajuce-profesie-web.pdf 
958 |a NB 
999 |c 2997439  |d 2999369